000 00632nam a2200205Ia 4500
001 12918
003 GE_BSU
008 181216s||||||||xx |||||||||||||| ||und||
040 _cGE_BSU
080 _a665.5(035)
245 _aТехнические нормы на нефтепродукты
245 _bСправочная книга
245 _cПод.ред.Н.Г.Пучкова.Ред.Н.Г.Пучков
260 _aМосква
260 _bГостоптехиздат
260 _c1955
300 _a400стр.20см.
653 _aТехнические нормы на нефтепродукты
942 _cBK
999 _c46088
_d46088